00631nam a22001937a 4500003000900000008004100009040007100050082002000121100002300141245002700164260004100191300004400232440003100276505003500307650002300342650001400365650001900379700003900398AR-CdUCM190329b ||||| |||| 00| 0 spa d aMUNICIPALIDAD PROVINCIAL DEL CUSCOcBIBLIOTECA MUNICIPAL DEL CUSCO aES / 800 /bA37 aAlcott, Louisa May aLos muchachos del Jo / aBarcelona :bEditorial Mateu,c1958. a255 páginas ;bIlustraciones,c19 cm. aColección juvenil cadete aContenido: Literatura juvenil. aLiteratura juvenil aFicción aObra literaria aViñals Escoda, R. (adaptación)